Donald Duck Charaktere - Statistiken

Allgemein
  • Dieses Quiz wurde 516 mal gespielt
  • Das Durchschnittsergebnis liegt bei 9 aus 15
Antwortstatistiken
Familie Charakter(e) % Korrekt
Duck Donald
99%
Duck Dagobert
97%
Maus Micky
95%
Düsentrieb Daniel
94%
Duck Daisy
91%
Maus Minnie
91%
Gans Gustav
89%
Duck (Charaktere) Tick Trick Track
67%
- Goofy
45%
Gans Franz
40%
Kuh Klarabella
35%
Ross Rudi
32%
Duck Dorette
27%
Gans Gitta
19%
Duck (Charaktere) Dicky Dacky Ducky
13%
Keine übereinstimmenden Quizze gefunden
Verteilung der Resultate
Anzahl Personen mit jedem Resultat
Perzentil nach korrekt beantworteten Fragen
Ihre Resultats-Entwicklung
Sie haben dieses Quiz noch nicht gespielt